000 00607nam a2200241Ia 4500
003 OSt
005 20221007100338.0
006 a|||||r|||| 00| 0
007 ta
008 221006b |||||||| |||| 00| 0 eng d
024 _a4,263
037 _cTextual
040 _aLCO
_cLCO
_beng
041 _2eng
_aeng
082 _aV73,4, L9
100 _aWARE Alan
_9448069
245 0 _aLogic of party democracy
260 _aLondon
_bMacMillan press
_c1979
300 _a209
650 _aPARTY DEMOCRACY
_9701534
942 _hV73,4, L9
_cTEXL
999 _c1173826
_d1173826